| 000 | 00000nas 2200000za 4500 |
| 001 | 9.859323 |
| 003 | CaOODSP |
| 005 | 20221107160227 |
| 007 | cr ||||||||||| |
| 008 | 180719d19902000oncar p o||||f0 |0eng|d |
| 040 | |aCaOODSP|beng |
| 043 | |an-cn--- |
| 086 | 1 |aT1-11E-pdf |
| 110 | 2 |aShip-source Oil Pollution Fund (Canada) |
| 245 | 10|aShip-source Oil Pollution Fund annual report ... |h[electronic resource]. |
| 246 | 10|aAnnual report ... |
| 260 | |aOttawa : |bShip-Source Pollution Fund, |c1990-2000. |
| 310 | |aAnnual |
| 362 | 0 |aBegan with 1989/1990; ceased with 1999/2000. |
| 500 | |aIssued also in French under title: Caisse d'indemnisation des dommages dus à la pollution par les hydrocarbures causée par les navires, rapport annuel ... |
| 515 | |aReport year ends Mar. 31. |
| 530 | |aIssued also in print. |
| 692 | 07|2gccst|aPollution |
| 692 | 07|2gccst|aAllowances |
| 692 | 07|2gccst|aOil spills |
| 775 | 08|tCaisse d'indemnisation des dommages dus à la pollution par les hydrocarbures causée par les navires, rapport annuel ... |w(CaOODSP)9.859324 |
| 780 | 00|tAnnual report - Maritime Pollution Claims Fund |w(CaOODSP)9.859326 |
| 785 | 00|tThe administrator's annual report / |w(CaOODSP)9.506567 |